One Piece- Les Fruits du Démon de type Zoan connus - Statistiques

Statistiques générales
  • Ce quiz a été pris 47 fois
  • Le résultat moyen est 12 sur 82
Statistiques - réponses
Sous-catégorie Fruits du Démon de type Zoan % Correct
Zoan naturel Fruit de l'Humain
76%
SMILE Smile de la girafe
48%
Zoan naturel Fruit du Cheval
33%
Zoan mythique Fruit de l'Humain, version Nika
27%
Zoan naturel Fruit du Bovin, version Bison
27%
Zoan naturel Fruit du Canidé, version Loup
27%
Zoan naturel Fruit du Félin, version Léopard
27%
SMILE Smile du cheval
27%
SMILE Smile du cheval
27%
Zoan naturel Fruit de la Chauve-souris
24%
Zoan mythique Fruit de l'Humain, version Grand Bouddha
24%
SMILE Smile du lion
24%
Zoan naturel Fruit du Canidé, version Basset
21%
Zoan naturel Fruit du Canidé, version Chacal
21%
Zoan antique Fruit du Dinosaure, version Allosaure
21%
Zoan antique Fruit du Dinosaure, version Tricératops
21%
Zoan antique Fruit du Félin, version Tigre à Dents de Sabre
21%
Zoan naturel Fruit du Pachyderme
21%
Zoan naturel Fruit du Volatile, version Faucon
21%
Zoan mythique Fruit du Volatile, version Phénix
21%
SMILE Smile de la chauve-souris
21%
SMILE Smile de la souris
21%
SMILE Smile du serpent
21%
SMILE Smile du serpent
21%
Zoan artificiel Fruit de Kozuki Momonosuke
18%
Zoan mythique Fruit du Canidé, version Loup divin
18%
Zoan antique Fruit du Dinosaure, version Brachiosaure
18%
Zoan antique Fruit du Dinosaure, version Pachycéphalosaure
18%
Zoan antique Fruit du Dinosaure, version Ptéranodon
18%
Zoan antique Fruit du Dinosaure, version Spinosaure
18%
Zoan mythique Fruit du Poisson, version Dragon Azur
18%
Zoan naturel Fruit du Serpent, version Anaconda
18%
Zoan naturel Fruit Fouisseur
18%
SMILE Smile de l'éléphant
18%
Zoan naturel Fruit de la Tortue
15%
Zoan naturel Fruit du Bovin, version Girafe
15%
Zoan naturel Fruit du Serpent, version Cobra Royal
15%
Zoan naturel Fruit de Dalmatien
12%
Zoan naturel Fruit de la Salamandre, version Axolotl
12%
Zoan naturel Fruit de l'Insecte, version Scarabée-rhinocéros
12%
Zoan naturel Fruit de Minozèbre
12%
Zoan mythique Fruit du Canidé, version Renard à Neuf Queues
12%
Zoan mythique Fruit du Cheval, version Pégase
12%
Zoan antique Fruit du Pachyderme, version Mammouth
12%
SMILE Smile de la gazelle
12%
SMILE Smile du gorille
12%
SMILE Smile du gorille
12%
Zoan mythique Fruit de Jaygarcia Saturn
9%
Zoan naturel (manga) Fruit de la Loutre de Mer
9%
Zoan antique Fruit de l'Araignée, version Rosamygale grauvogeli
9%
Zoan mythique Fruit de l'Humain, version Onyudo
9%
Zoan naturel Fruit de l'Insecte, version Guêpe
9%
Zoan naturel Fruit de l'Oeuf
9%
Zoan naturel Fruit de Minochihuahua
9%
Zoan naturel Fruit de Minokoala
9%
Zoan naturel Fruit de Minorhinoceros
9%
Zoan naturel Fruit de Minotaure
9%
Zoan naturel Fruit du Canidé, version Tanuki
9%
Zoan naturel (manga) Fruit du Chien, version Chien de chasse
9%
Zoan mythique Fruit du Reptile, version Serpent à Huit Têtes
9%
Zoan naturel Fruit du Volatile, version Albatros
9%
SMILE Smile de l'alpaga
9%
SMILE Fruit de Gin Rummy
6%
Zoan mythique Fruit de Marcus Mars
6%
Zoan naturel Fruit d'Epoida
6%
SMILE Fruit de Sheep's Head
6%
Zoan mythique Fruit de Sheperd Ju Peter
6%
Zoan mythique Fruit d'Ethanbaron V.Nusjuro
6%
Zoan mythique Fruit de Topman Warcury
6%
SMILE Smile de l'hippopotame
6%
SMILE Smile du carlin
6%
SMILE Smile du scorpion
6%
SMILE Smile du serpent blanc
6%
SMILE Smile du singe
6%
SMILE Smile du tatou
6%
Zoan naturel Fruit de Onigumo
3%
SMILE Smile de la couleuvre
3%
SMILE Smile de l'autruche
3%
SMILE Smile de l'écureuil volant
3%
SMILE Smile du coq
3%
SMILE Smile du crotale
0%
SMILE Smile du lapin
0%
Aucun quiz correspondant
Distribution des résultats
% des personnes avec chaque résultat
Percentile par nombre de réponses
Votre historique - résultats
Vous n’avez pas pris ce quiz